Les voitures françaises les plus produites - Statistiques

Statistiques générales
  • Ce quiz a été pris 83 fois
  • Le résultat moyen est 4 sur 35
Statistiques - réponses
Rang Marque Nombre d'exemplaires Années Modèle % Correct
1 Peugeot 12 000 000 1998-2013 206
97%
2 Renault 8 135 424 1961-1992 4
42%
7 Peugeot 5 278 300 1982-1998 205
34%
9 Citroën 5 114 961 1948-1990 2 CV
26%
11 Peugeot 4 100 000 2006-2013 207
22%
6 Renault 5 580 000 1972-184 5
18%
8 Peugeot 5 115 726 1987-1996* 405
16%
14 Renault 4 000 000 2012-2020 Clio IV
12%
24 Peugeot 2 750 000 2012-2019 208
11%
30 Citroën 2 300 100 2004-2010 C4
11%
23 Peugeot 2 798 300 1991-2003 106
10%
16 Peugeot 3 783 529 2001-2014 307
10%
5 Renault 5 631 000 1998-2016 Clio II
10%
14 Peugeot 4 000 000 1968-2005 504
8%
10 Renault 5 000 000 1995-2009 Mégane
8%
33 Simca 2 139 008 1967-1981 1100
7%
4 Renault 5 900 000 1988-1999 19
7%
21 Peugeot 2 848 100 1993-2002 306
7%
20 Peugeot 2 885 374 1960-1988 404
7%
29 Citroën 2 315 739 1982-1994 BX
7%
13 Renault 4 016 000 1990-1999 Clio I
7%
28 Renault 2 400 000 2005-2014 Clio III
7%
18 Citroën 3 343 000 1997-2006 Xsara
7%
12 Renault 4 090 629 1969-1990 12
5%
26 Citroën 2 500 000 1986-1999 AX
5%
3 Renault 6 300 000 (2 modèles) 1981-2000 {9} & {11}
4%
31 Citroën 2 250 150 2002-2012 C3 I
4%
32 Renault 2 150 738 1956-1970 Dauphine
4%
27 Citroën 2 472 499 (2 modèles) 1970-1986 {GS} & {GSA}
4%
19 Renault 3 100 000 2002-2012 Mégane II
4%
22 Renault 2 800 000 1996-2011 Scénic I
4%
34 Citroën 2 130 600 1991-2014 ZX
4%
35 Renault 2 096 000 1986-1995 21
3%
17 Renault 3 436 650 1984-1996 Supercinq
3%
25 Peugeot 2 600 000 1992-2012* Twingo I
1%
Aucun quiz correspondant
Distribution des résultats
% des personnes avec chaque résultat
Percentile par nombre de réponses
Votre historique - résultats
Vous n’avez pas pris ce quiz